000 00350nam a22001337a 4500
008 260309b ||||| |||| 00| 0 eng d
020 _a9951050425
041 _aeng
080 _a2.1
100 _a20.1
101 _aNgjarje
245 _aVictor A Friedman Studies on Albanian and other Balkan languages
_cDugagjini Ballkan Books
942 _2udc
_cBK
999 _c60880
_d60880